LEADER 01540nam a2200337 a 4500 001 000000123631 003 CaOOAMICUS 005 20101103103837.0 008 101103t2003 it u000 u ita r 020 $a88-16-40621-6 040 $aPUL$bita 041 1 $aita$hfre 082 04$a233 100 1 $aMartelet, Gustave,$d1916-$0(OLS)http://pul/name/31135 240 10$aEvolution et creation. Sens ou non-sense de l'homme dans la nature?.$lItaliano.$0(OLS)http://pul/title/155821 245 10$aEvoluzione e creazione :$bdall'origine del cosmo all'origine dell'uomo /$cGustave Martelet ; prefazione di Fiorenzo Facchini. 260 $aMilano :$bJaca Book,$c©2003. 300 $a237 p. ;$c23 cm 490 1 $aDi fronte e attraverso. Le origini dell'uomo ;$v621 504 $aInclude riferimenti bibliografici. 650 4$aEvoluzione umana.$0(OLS)http://pul/subject/29728 650 4$aUomo$xOrigine.$0(OLS)http://pul/subject/9379 830 0$aDi fronte e attraverso.$pLe origini dell'uomo ;$v621.$0(OLS)http://pul/title/155823 850 $aPUL 852 $aPUL$W1$xSL Religione 3$y85$m233 MARGU 1$j142329$qDDC 21$B141303$CPULBib$Z2$F141303 $H115102 $82 941 1 $a9 996 $6020$a88-16-40621-6$9(OLS)http://pul/number/145819 996 $6082$a233$9(OLS)http://pul/classification/447 996 $6245$aEvoluzione e creazione :$bdall'origine del cosmo all'origine dell'uomo$9(OLS)http://pul/title/155822 996 $6260$aMilano :$bJaca Book$9(OLS)http://pul/publisher/47900 LEADER 01806nam a2200325 a 4500 001 000000175540 003 CaOOAMICUS 005 20221123114142.0 008 221123s2022 it m 000 u ita r 032 $aLibriCat 040 $aPUL$bita 100 1 $aRizzi, Giuseppe.$0(OLS)http://pul/name/112596 245 13$aLa cristologia di Marcello Bordoni e la teologia dell'incarnazione di San Tommaso D'Aquino : $banalisi - confronto - prospettive /$cGiuseppe Rizzi; prefazione di Nicola Ciola. 260 $aAssisi :$bCittadella,$c2022. 300 $a611 p. ; $b$c21 cm 440 0$aStudi cristologici.$pNuova serie 504 $aBibliografia in nota a pič pagina e a pp. [583]-605. 600 14$aBordoni, Marcello,$d1930-2013.$0(OLS)http://pul/subject/20302 650 4$aCristologia$ysec. XX.$0(OLS)http://pul/subject/46312 700 0 $aThomas Aquinas,$cs.,$dc. 1225-1274$tIn librum Boethii De Trinitate$9(Thomas Aquinas, s., c. 1225-1274).$0(OLS)http://pul/name/38919 700 1 $aCiola, Nicola,$csacerdote,$d1952-$0(OLS)http://pul/name/1596 830 0$aStudi cristologici.$pNuova serie.$0(OLS)http://pul/title/179467 850 $aPUL 852 $aPUL$W1$xSL Religione 3$y85$m232 RIZGI 1$j199747$qDDC 21$B204482$CPULBib$Z2$F204482 $H135905 $82 852 $aPUL$W1$xDP2 Religione 3$y114$m232 RIZGI 2$j200445$qDDC 21$B205311$CPULBib$Z2$F205311 $H136621 $81 941 1 $a9 996 $6245$aLa cristologia di Marcello Bordoni e la teologia dell'incarnazione di San Tommaso D'Aquino : $banalisi - confronto - prospettive$9(OLS)http://pul/title/216535 996 $6440$aStudi cristologici.$pNuova serie$9(OLS)http://pul/title/179467 996 $6260$aAssisi :$bCittadella$9(OLS)http://pul/publisher/49668